00982nam a2200217 i 4500001000700000003000700007005001700014008004100031080003100072245022700103246006000330260005600390300003100446490004300477650005000520650001700570700002300587700003200610830004300642852007900685185389SpMaBN20230906222423.0160527s2002 xxuh b |||| | spa d a821.134.2-14"15/16"(082.2)00aBibliografía de la poesía áurea b: muestra de unos versecillos de la antigua lírica popular que se cantaban en los siglos XVI y XVII / cbanco de datos preparado por Ralph A. DiFranco, José J. Labrador Herraiz.3 aBibliografía de la poesía áurea. pBanco de datos aCleveland : b[Cleveland State University], c2002. a20 p. : bfacs. ; c26 cm.1 aCancioneros castellanos. aAnejo ; v3 7aPoesías líricas españolas-yS.XVI-XVII. 4aCancioneros.1 aDiFranco, Ralph A.1 aLabrador Herraiz, José J.0 aCancioneros castellanos. aAnejo ; v3 aES-MaACLj2330-F-22 z. - Dedicatoria autógrafa de J.J. Labrador Herraiz